| Tag |
First Indicator |
Second Indicator |
Subfields |
| LEADER |
00000cam a2200000 4500 |
| 001 |
in00000051994 |
| 005 |
20151007080240.0 |
| 008 |
751008s1965 xx 00000 eng u |
| 010 |
|
|
|a 62021528
|
| 035 |
|
|
|a (OCoLC)01687287
|
| 035 |
|
|
|9 AAF4487AM
|
| 040 |
|
|
|c JNA
|d TXA
|d UtOrBLW
|
| 041 |
0 |
|
|a eng
|
| 049 |
|
|
|a TXAM
|c [458583]
|
| 050 |
0 |
0 |
|a B1455
|b .M22
|
| 092 |
|
|
|a 171.5
|b H921e
|
| 100 |
1 |
|
|a Hume, David,
|d 1711-1776.
|
| 245 |
1 |
0 |
|a Hume's ethical writings: selections /
|c Edited, with an introd., by Alasdair MacIntyre.
|
| 264 |
|
1 |
|a New York :
|b Collier Books,
|c [1965]
|
| 300 |
|
|
|a 339 pages ;
|c 18 cm.
|
| 336 |
|
|
|a text
|b txt
|2 rdacontent
|
| 337 |
|
|
|a unmediated
|b n
|2 rdamedia
|
| 338 |
|
|
|a volume
|b nc
|2 rdacarrier
|
| 490 |
1 |
|
|a Collier classics in the history of thought
|
| 650 |
|
0 |
|a Ethics.
|
| 700 |
1 |
|
|a MacIntyre, Alasdair C.
|
| 830 |
|
0 |
|a Collier classics in the history of thought.
|
| 999 |
|
|
|a MARS
|
| 999 |
f |
f |
|s a50ce6d0-3dbe-31be-b1ec-6c4de02652fe
|i 636876bb-615e-3459-bdda-81b25337ce78
|t 0
|
| 952 |
f |
f |
|p ric
|a Texas A&M University
|b Rellis Campus
|c Joint Library Facility
|d Remote Storage
|t 0
|e B1455 .M22
|h Library of Congress classification
|i unmediated -- volume
|m A14800533822
|
| 998 |
f |
f |
|a B1455 .M22
|t 0
|l Remote Storage
|